Eastern Utah Libraries Catalog: Duchesne, Heber, Roosevelt, & Vernal

My first bilingual animals = (Record no. 396313)

MARC details
000 -LEADER
fixed length control field 02201nam a2200565 i 4500
001 - CONTROL NUMBER
control field sky299196349
003 - CONTROL NUMBER IDENTIFIER
control field SKY
005 - DATE AND TIME OF LATEST TRANSACTION
control field 20240503194924.0
008 - FIXED-LENGTH DATA ELEMENTS--GENERAL INFORMATION
fixed length control field 200429s2020 nyua j 000 0 spa d
010 ## - LIBRARY OF CONGRESS CONTROL NUMBER
LC control number bl2020010611
020 ## - INTERNATIONAL STANDARD BOOK NUMBER
International Standard Book Number 9781465496898
Qualifying information (board book)
020 ## - INTERNATIONAL STANDARD BOOK NUMBER
International Standard Book Number 1465496890
Qualifying information (board book)
040 ## - CATALOGING SOURCE
Original cataloging agency NjBwBT
Language of cataloging eng
Transcribing agency NjBwBT
Description conventions rda
Modifying agency CoBoFLC
-- SKYRV
041 1# - LANGUAGE CODE
Language code of text/sound track or separate title eng
041 1# - LANGUAGE CODE
Language code of text/sound track or separate title spa
Language code of original and/or intermediate translations of text eng
082 04 - DEWEY DECIMAL CLASSIFICATION NUMBER
Classification number [E]
Edition number 23
092 ## - LOCALLY ASSIGNED DEWEY CALL NUMBER (OCLC)
Classification number Spanish Board Book
Item number DK
100 1# - MAIN ENTRY--PERSONAL NAME
Personal name Davis, Sarah.
9 (RLIN) 6487054
245 10 - TITLE STATEMENT
Title My first bilingual animals =
Remainder of title Los animales : English - Spanish /
Statement of responsibility, etc written by Sarah Davis and Dawn Sirett ; translation, Sara Pineda.
246 3# - VARYING FORM OF TITLE
Title proper/short title My 1st bilingual animals.
246 30 - VARYING FORM OF TITLE
Title proper/short title Animals.
246 31 - VARYING FORM OF TITLE
Title proper/short title Animales.
246 3# - VARYING FORM OF TITLE
Title proper/short title Los animales.
250 ## - EDITION STATEMENT
Edition statement First bilingual edition.
264 #1 - Production, Publication, Distribution, Manufacture, and Copyright Notice.
Place of production, publication, distribution, manufacture New York, NY :
Name of producer, publisher, distributor, manufacturer DK Penguin Random House,
Date of production, publication, distribution, manufacture, or copyr 2020.
300 ## - PHYSICAL DESCRIPTION
Extent 1 volume (unpaged) :
Other physical details color illustrations ;
Dimensions 16 cm.
490 1# - SERIES STATEMENT
Series statement My first bilingual
500 ## - GENERAL NOTE
General note Cover title.
500 ## - GENERAL NOTE
General note On board pages = En páginas de cartón duro.
500 ## - GENERAL NOTE
General note At head of cover title: DK.
520 ## - SUMMARY, ETC.
Summary, etc Introduces the names of a variety of animals in English and Spanish alongside their pictures which are grouped into such categories as big biters, sea animals, and nighttime animals.
520 ## - SUMMARY, ETC.
Summary, etc Este libro para bebés muestra a los animales en varios contextos ambientales.
521 8# - TARGET AUDIENCE NOTE
Target audience note NP
Source Lexile.
546 ## - LANGUAGE NOTE
Language note Parallel text in English and Spanish.
650 #0 - SUBJECT ADDED ENTRY--TOPICAL TERM
Topical term or geographic name as entry element Animals
Form subdivision Juvenile literature.
9 (RLIN) 5675176
650 #0 - SUBJECT ADDED ENTRY--TOPICAL TERM
Topical term or geographic name as entry element Spanish language
General subdivision Vocabulary
Form subdivision Juvenile literature.
9 (RLIN) 5746573
650 #0 - SUBJECT ADDED ENTRY--TOPICAL TERM
Topical term or geographic name as entry element Picture dictionaries, Spanish
Form subdivision Juvenile literature.
9 (RLIN) 5796512
650 #0 - SUBJECT ADDED ENTRY--TOPICAL TERM
Topical term or geographic name as entry element Picture dictionaries, English
Form subdivision Juvenile literature.
9 (RLIN) 5746578
650 #0 - SUBJECT ADDED ENTRY--TOPICAL TERM
Topical term or geographic name as entry element Spanish language materials
General subdivision Bilingual.
9 (RLIN) 102597
655 #7 - INDEX TERM--GENRE/FORM
Genre/form data or focus term Board books.
Source of term lcgft.
655 #7 - INDEX TERM--GENRE/FORM
Genre/form data or focus term Libros de cartón
Source of term qlsp.
9 (RLIN) 5938600
700 1# - ADDED ENTRY--PERSONAL NAME
Personal name Sirett, Dawn,
Relator term author.
9 (RLIN) 40017
700 1# - ADDED ENTRY--PERSONAL NAME
Personal name Pineda, Sara,
Relator term translator.
9 (RLIN) 6402851
830 #0 - SERIES ADDED ENTRY--UNIFORM TITLE
Uniform title My first bilingual.
9 (RLIN) 6402821
907 ## - LOCAL DATA ELEMENT G, LDG (RLIN)
a .b433208016
942 ## - ADDED ENTRY ELEMENTS (KOHA)
Source of classification or shelving scheme Dewey Decimal Classification
Koha item type BOOK
Holdings
Withdrawn status Lost status Source of classification or shelving scheme Damaged status Not for loan Collection code Home library Current library Shelving location Date acquired Total Checkouts Total Renewals Full call number Barcode Checked out Date last seen Date checked out Cost, replacement price Price effective from Koha item type
    Dewey Decimal Classification     Spanish Children Board Books Wasatch County Library Wasatch County Library First Floor 05/03/2024 3 5 BB Davis 34301001709965 01/27/2026 12/01/2025 12/01/2025 6.99 05/03/2024 BOOK
This project was made possible through a grant from the Institute of Museum and Library Service administered by the Utah State Library Division.

Wasatch County Library

  • 465 East 1200 South, Heber City, Utah 84032
  • Phone 435-654-1511 | Fax 435-654-6456

Hours

  • Monday - Friday 9:30 AM - 8:00 PM
  • Saturday 9:30 AM - 1:30 PM
  • Closed Sundays and Holidays